| 000 | 00385nam a2200157Ia 4500 | ||
|---|---|---|---|
| 008 | 230312s9999||||xx |||||||||||||| ||und|| | ||
| 020 | _a0-13-919697-8 | ||
| 082 |
_a657.3 _bBEA-F |
||
| 100 | _aBeaver,William.H | ||
| 245 | 0 | _aFinancial Reporting | |
| 260 |
_bPrentice Hall _aIndia _c1998 |
||
| 300 | _a180 | ||
| 546 | _aEng. | ||
| 650 |
_aAccounting _vFinancial Reporting |
||
| 942 | _cBK | ||
| 999 |
_c7105 _d7105 |
||